Metropolis now : London and its region

Αποθηκεύτηκε σε:
Λεπτομέρειες βιβλιογραφικής εγγραφής
Κύριος συγγραφέας: Hall, John M. (John Martin), 1942-
Μορφή: Βιβλίο
Γλώσσα:English
Δημοσίευση: Cambridge : University of London, c1998.
Σειρά:Update (Cambridge, England)
Θέματα:
Ετικέτες: Προσθήκη ετικέτας
Δεν υπάρχουν, Καταχωρήστε ετικέτα πρώτοι!

MARC

LEADER 00000cam a2200000 i 4500
001 1/103
008 000403s1998 enk| ||| |||| ||eng||
020 |a 0521339421 
035 |l 10059538 
040 |a GR-MyUa  |b gre  |e AACR2 
041 0 |a eng 
082 7 |a 307.7609421   |2 (22) 
100 1 |a Hall, John M.   |q (John Martin),   |d 1942- 
245 1 0 |a Metropolis now :   |b London and its region /   |c John M. Hall. 
260 |a Cambridge :   |b University of London,   |c c1998. 
300 |a 76 σ. ;   |c 30 εκ. 
490 1 |a (Update) 
500 |a University of London, Queen Mary and Westfield College. 
504 |a Περιλαμβάνει βιβλιογραφικές παραπομπές (σ. 73-76). 
651 0 |a London Metropolitan Area (England)  |x Economic conditions. 
651 0 |a London Metropolitan Area (England)  |x Social conditions. 
830 0 |a Update (Cambridge, England) 
852 |a INST  |b LESVOS  |e 20000403  |h 307.7609421 HAL  |p 005100020139  |q 005100020139  |t BK  |y 0 
901 |a BIBL1-2000-1 
922 |a 1ΕΛΗ  |b 200003  |c ΚΠΣ/ΤΓ  |d LEADER 
950 |a 118-1999-09-20 
970 |a ΤΖΑΦΕΡΗ  |b ΕΥΑΓΓΕΛΙΑ  |z 2000/04/08